• 首页
  • 本馆介绍
  • 公告通知
  • 最新文献
  • 馆藏检索
  • 电子资源
  • 读者导购
  • 参考咨询
  • 我的图书馆
  • 登录
  • 详细信息显示
  • 放入我的书架
  • 预约/预借图书
  • 作者相关作品
  • 分类相关作品
  • 丛书相关作品
  • 出版社相关作品

书目信息

  • 表格格式
  • 工作单格式
  • 卡片格式
题名:
学科教学论基础
    
 
作者: 钟启泉 编著
分册:  
出版信息: 上海   华东师范大学出版社  2001.09
页数: 454页
开本: 25cm
丛书名: 学科教育展望丛书
单 册:
中图分类: G427
科图分类:
主题词: 分科教学法--汇编
电子资源:
ISBN: 7-5617-2744-5
000 00673nam2 2200229 45
001 0205271538
005 20060105085305.43
010    @a7-5617-2744-5@dCNY28.00
092    @aCN
100    @a20020527d2001 km y0chiy0120 ea
101 0  @achi
200 1  @a学科教学论基础@AXue Ke Jiao Xue Lun Ji Chu@f钟启泉编著@FZhong Qi Quan Bian Zhu
210    @a上海@c华东师范大学出版社@d2001.09
215    @a454页@d25cm
225    @a学科教育展望丛书@f钟启泉主编
410    @12001 @a学科教育展望丛书
410    @1700 0@a钟启泉@AZhong Qi Quan@4主编
606 0  @a分科教学法@x汇编
690    @aG427@v4
701    @a钟启泉@4编著
801    @aCN@bTSTC@c20060105
905    @a10447@dG427@e85
    
    学科教学论基础/钟启泉编著.-上海:华东师范大学出版社,2001.09
    454页;25cm.-(学科教育展望丛书/钟启泉主编)
    
    
    ISBN 7-5617-2744-5:CNY28.00
    
●
相关链接 在E读中查询图书 在五车中查询图书 在当当中查询图书 在豆瓣中查询图书


正题名:学科教学论基础     索取号:G427/85         预约/预借

序号 登录号 条形码 馆藏地/架位号 状态 备注
1 0310785   203107850   密集书库/ [索取号:G427/85] 在馆    
2 0310786   203107869   第四借阅区/ [索取号:G427/85] 在馆    
3 0310787   203107878   第一样本阅览室/ [索取号:G427/85] 在馆    
4 0373706   203737064   密集书库/ [索取号:G427/85] 在馆    
5 0373707   203737073   第四借阅区/ [索取号:G427/85] 在馆    
6 0373708   203737082   密集书库/ [索取号:G427/85] 在馆    
唐山师范学院图书馆 欢迎您!
大连网信软件有限公司© 版权所有